000 00951nas a2200349 4500
001 BR0303734
003 BR-BrBNA
005 20231205103927.0
007 ta
008 230509b bl.|||p| |||| 00| 00por d
040 _aBR-BrBNA
_bpor
_cBiblioteca Nacional de Agricultura
041 _a(Pt)
072 _aF08
100 1 _aSantos, H.P. dos
100 1 _aRoman, E.S.
245 1 _aEfeitos de culturas de inverno e rotações sobre a soja cultivada em sistema plantio direto
650 _aSOJA
650 _aAVEIA
650 _aCEVADA
650 _aCOLZA
650 _aLINHO
650 _aTRIGO
650 _aMILHO
650 _aMILHETO
650 _aGRÃO
650 _aRENDIMENTO
650 _aPLANTIO DIRETO
650 _aROTAÇÃO DE CULTURA
773 0 _tPesquisa Agropecuária Gaúcha (Brazil)
_xISSN 0104-9070
_g(2001), v. 7(1) p. 59-68
_wBR0303734
909 _a202311
_bLúcia
_c55
_dLúcia Elande
942 _2AGRIS
_n0
_cANA
999 _c175478
_d175478